Best Eredivisie players from each club - Statistics

General Stats
  • This quiz has been taken 64 times
  • The average score is 6 of 18
Answer Stats
Club Pos. Nation Rating Answer % Correct
Ajax Amsterdam CAM Morocco 85 Hakim Ziyech
98%
AZ Alkmaar GK Netherlands 77 Marco Bizot
71%
Feyenoord RW Netherlands 80 Steven Berghuis
67%
PSV RW Netherlands 82 Steven Bergwijn
62%
FC Groningen GK Netherlands 76 Sergio Padt
55%
SC Heerenveen CAM Croatia 72 Alen Halilovic
29%
PEC Zwolle ST Germany 69 Lennart Thy
29%
Sparta Rotterdam ST South Africa 71 Lars Veldwijk
27%
Fortuna Sittard CAM Netherlands 72 Mark Diemers
25%
Heracles Almelo CAM Brazil 69 Mauro Junior
24%
FC Utrecht CM Netherlands 76 Adam Maher
22%
ADO Den Haag CAM Netherlands 72 Lex Immers
20%
Vitesse LW Belgium 74 Charly Musonda
16%
FC Emmen ST Netherlands 71 Anco Jansen
11%
Willem II CAM Greece 71 Marios Vrousai
9%
FC Twente RB Netherlands 73 Paul Verhaegh
7%
VVV-Venlo CM Bosnia 72 Tino-Sven Susic
4%
RKC Waalwijk CM Netherlands 69 Clint Leemans
2%
No matching quizzes found
Score Distribution
Percent of People with Each Score
Percentile by Number Answered
Your Score History
You have not taken this quiz